Higiene mental

Salvato in:
Dettagli Bibliografici
Autore principale: Arce Molina, B (Autore)
Natura: Libro
Lingua:spagnolo
Pubblicazione: Santiago Nascimento 1937
Edizione:1a. ed
Soggetti:
Tags: Aggiungi Tag
Nessun Tag, puoi essere il primo ad aggiungerne!!

MARC

LEADER 00000nam a2200000 a 4500
001 UCJ7955
003 CL-VaPUC
008 070124e19370000CL |||||||||||||||||spa|d
082 0 4 |a 616  |b ARC  |2 21 
100 0 |a Arce Molina, B  |e author  |9 516525 
245 1 0 |a Higiene mental 
250 |a 1a. ed 
300 |a 273 p 
942 |c BK 
945 |d 20070124 00:00:00  |a rinostro 
260 |a Santiago  |b Nascimento  |c 1937 
650 0 |a Medicina   |9 258507 
650 7 |a HIGIENE  |2 CL-VaPUC  |9 516526 
650 0 |a Educación sexual  |9 308005 
650 7 |a ENFERMEDADES SOCIALES  |2 CL-VaPUC  |9 516527 
650 7 |a EUGENESIA  |2 CL-VaPUC  |9 256404 
650 0 |a Criminología  |9 256168 
650 0 |a Drogas  |9 254877 
650 7 |a MARCA TIPOGRAFICA  |2 CL-VaPUC  |9 506100 
583 |a last modification  |c 20070124 00:00:00  |k Rodrigo Vera 
999 |c 323815  |d 323813 
952 |0 0  |1 0  |4 0  |6 616_000000000000000_ARC_1937  |7 0  |8 X  |9 403632  |a FDOBUD  |b FDOBUD  |d 2019-11-22  |i 1070827  |o 616 ARC 1937  |p 1070827  |r 2019-11-22  |w 2019-11-22  |y BK_X  |k BUD